Scientiae juridicae compendium amplectens elementa juris naturalis et juris publici tum civilis cum eclesiastici, institutiones juris canonici necnon juris civilis hispani compendium cum juris romani et foralis notionibus / auctore Rdo. P. mariano Aguilar e Congr. Mission. Filiorum I. C. B. M. V., utriusque juris doctore ac in majori nostro calceatensi collegio juris professore

Detalles Bibliográficos
Autor principal: Aguilar, Mariano, C. M. F.
Formato: Libro
Lenguaje:Latin
Publicado: Sancti Dominici Calceatensis : typis Josephi Sáenz, 1904.
Edición:Editio altera locupletior atque emendatior
Materias:
Colección:Banco de datos
Acervo:Seminario Conciliar de Nuestra Señora de Guadalupe Querétaro. Qro.. Biblioteca Florencio Rosas. Fondo Histórico
Descripción Física:VIII, 248 p., [1] h., 736 p., [1] h., 232 p. ; 23 cm.
Tema general:Derecho eclesiástico
Derecho civil
Notas:Texto con signaturas. Cada parte de la obra con portada y paginación propias. Encuadernación valenciana (11461-A, 11462-A). Sello en tinta de la Biblioteca del Seminario Conciliar, Querétaro, Qro. (11461-A)
LEADER 01562nam a22002290004500
035 |a 4577 
041 0 |a lat 
100 1 |a Aguilar, Mariano, C. M. F.  
245 1 0 |a Scientiae juridicae compendium amplectens elementa juris naturalis et juris publici tum civilis cum eclesiastici, institutiones juris canonici necnon juris civilis hispani compendium cum juris romani et foralis notionibus / auctore Rdo. P. mariano Aguilar e Congr. Mission. Filiorum I. C. B. M. V., utriusque juris doctore ac in majori nostro calceatensi collegio juris professore 
250 |a Editio altera locupletior atque emendatior  
260 |a Sancti Dominici Calceatensis : typis Josephi Sáenz, 1904. 
300 |a VIII, 248 p., [1] h., 736 p., [1] h., 232 p. ; 23 cm.  
500 |a Texto con signaturas. Cada parte de la obra con portada y paginación propias. Encuadernación valenciana (11461-A, 11462-A). Sello en tinta de la Biblioteca del Seminario Conciliar, Querétaro, Qro. (11461-A) 
501 |a 1 obra (11461-A, 11462-A) 
504 |a Incluye índice de contenido 
505 0 0 |a Elementa juris naturalis et juris publici tum civilis cum ecclesiastici, p. 1-248.-- Institutiones juris canonici, p. 1-736.-- Compendio de derecho civil español con nociones de derecho romano y foral, p. 1-232 
650 1 0 |a Derecho eclesiástico 
650 1 0 |a Derecho civil 
949 |a Fondo Histórico: 11461-A, 11462-A 
942 |c Q.R.H.T 
943 |g Seminario Conciliar de Nuestra Señora de Guadalupe Querétaro. Qro.. Biblioteca Florencio Rosas. Fondo Histórico 
999 |c 1086032  |d 1086032